000 00227nam a2200097Ia 4500
008 120527s9999 xx 000 0 und d
100 _aFED.REP.OF NIG.
245 _aManual on University management
260 _bNUC
942 _cBK
999 _c25297
_d25297